[Event "SEMI 10-Fance Echecs 2 email"]
[Site "SEMI email"]
[Date "2001.05.02"]
[Round "?"]
[White "Pecis, Gianfranco"]
[Black "Terroy, Franck"]
[Result "1-0"]
[WhiteElo "2220"]
[BlackElo "1800"]
[PlyCount "63"]
[EventDate "2001.??.??"]
[EventType "team-swiss (corr)"]
[EventRounds "5"]
[EventCountry "ITA"]
[SourceTitle "Corr 2004"]
[Source "ChessBase"]
[SourceDate "2003.04.28"]
[SourceVersion "3"]
[SourceVersionDate "2003.04.28"]
[SourceQuality "1"]
[WhiteTeam "SEMI-10"]
[BlackTeam "France Echecs-2"]
[WhiteTeamCountry "ITA"]
[BlackTeamCountry "FRA"]

1. e4 e5 2. Nf3 Nc6 3. Bb5 a6 4. Ba4 Nf6 5. 0-0 Be7 6. Re1 b5 7. Bb3 0-0 8. c3 d6 9. h3 Nb8 10. d4 Nbd7 11. Nbd2 Bb7 12. Bc2 exd4 13. cxd4 c5 14. Nf1 cxd4 15. Ng3 Ne5 16. Nf5 Nxf3+ 17. Qxf3 Rc8 18. Bd3 Re8 19. Bh6 Bf8 20. Bxg7 Bxg7 21. Qg3 Nh5 22. Qg4 Rc5 23. Qxh5 Bc8 24. b4 Rc3 25. Red1 Bxf5 26. exf5 Re5 27. a4 a5 28. axb5 axb4 29. Ra7 Qe8 30. b6 Ra3 31. Qh4 Kf8 32. f6 1-0

[Event "SEMI 10-Fance Echecs 2 email"]
[Site "SEMI email"]
[Date "2001.05.02"]
[Round "?"]
[White "Terroy, Franck"]
[Black "Pecis, Gianfranco"]
[Result "0-1"]
[WhiteElo "1800"]
[BlackElo "2220"]
[PlyCount "98"]
[EventDate "2001.??.??"]
[EventType "team-swiss (corr)"]
[EventRounds "5"]
[EventCountry "ITA"]
[SourceTitle "Corr 2004"]
[Source "ChessBase"]
[SourceDate "2003.04.28"]
[SourceVersion "3"]
[SourceVersionDate "2003.04.28"]
[SourceQuality "1"]
[WhiteTeam "France Echecs-2"]
[BlackTeam "SEMI-10"]
[WhiteTeamCountry "FRA"]
[BlackTeamCountry "ITA"]

1. e4 e5 2. Nf3 Nc6 3. d4 exd4 4. Nxd4 Bc5 5. Be3 Qf6 6. c3 Nge7 7. Bc4 Ne5 8. Be2 h5 9. 0-0 Qg6 10. Nb5 Bxe3 11. Nxc7+ Kd8 12. Nxa8 Bf4 13. Qa4 N7c6 14. Na3 b6 15. Nb5 Bb7 16. Nac7 Ng4 17. Nd5 Bxh2+ 18. Kh1 Bb8 19. f4 Ne7 20. Nxe7 Kxe7 21. Qb4+ Kd8 22. Qd4 h4 23. f5 Qg5 24. Rad1 Nf6 25. Nd6 Bxd6 26. Qxd6 Bxe4 27. Qb8+ Ke7 28. Qe5+ Kf8 29. Qd6+ Kg8 30. Bf3 h3 31. g3 Qe3 32. Qb8+ Kh7 33. Qf4 Qxf4 34. gxf4 Bxf5 35. Rfe1 g6 36. Kh2 Kg7 37. Rd4 Rc8 38. a4 Be6 39. Rc1 d5 40. b3 Bf5 41. Bxd5 Re8 42. Bc4 Re3 43. Bf1 Ng4+ 44. Kh1 Rg3 45. Bxh3 Nf2+ 46. Kh2 Rxh3+ 47. Kg2 Nd3 48. Rd1 Nc5 49. Rd5 Rxc3 0-1